| 000 | 00663nam a2200205Ia 4500 | ||
|---|---|---|---|
| 003 | GCL | ||
| 008 | 140319s9999 xx 000 0 ara d | ||
| 040 |
_aGCL / _cGCL |
||
| 082 | 0 | 4 |
_a923.5 _bع ح |
| 100 | 1 | _aعبدالكريم درويش | |
| 245 | 1 | 0 |
_aحصاد السنين / _cعبدالكريم درويش |
| 250 | _aالاولى | ||
| 260 |
_aالقاهرة : _bمطابع الشرطة للطباعة والنشر والتوزيع ، _c2003 |
||
| 300 |
_a314 ص ؛ _c24 سم |
||
| 650 | 0 | 4 | _aالشرطة |
| 650 | 0 | 4 | _aاكاديمية الشرطة |
| 650 | 0 | 4 | _aالبوليس السياسى |
| 650 | 0 | 4 | _aالشرطة - تراجم |
| 942 |
_2ddc _cBK |
||
| 999 |
_c6537 _d6537 |
||